Ľuľkovec zlomocný (Atropa belladonna L.)

Podrobná bibliografia
Médium: Článok
Jazyk:slovenčina
Predmet:

MARC

LEADER 00000nab a2200000 a 4500
001 vtls000074008
003 SK-MaSNL
005 20260304061854.0
008 250422c1980 xo 0 slo
015 |a SNBRB19rr/mm-uuuuu 
035 |a CL0084109 
035 |a urn:nbn:sk:snk-ab21f 
035 |a (urnnbn)urn:nbn:sk:snk:ar-002ekj 
035 |a (uuid)b2fecc62-6cb7-489f-b531-92196facf267 
040 |a SNKBUCL  |b slo  |c SNKBUCL  |e AACR2 
041 0 |a slo 
044 |a xo  |c SK 
080 |a 582.6/.9  |2 1981 
245 0 0 |a Ľuľkovec zlomocný (Atropa belladonna L.) 
650 0 7 |a ľuľkovec zlomocný  |2 SNKPH  |9 19066 
655 7 |a články z novín a časopisov  |2 snkbucl  |9 267496 
773 0 |t Naše liečivé rastliny  |g Roč. 17, č. 6 (1980), s. 170-173 
850 |a Slovenská národná knižnica 
852 |a Slovenská národná knižnica 
958 |a article27 
958 |a OND 
958 |a RK 
992 |a RBX 
999 |c 2735508  |d 2737438